Statistics for 19th Century People - Born and Died

Click here to take the quiz!

General Stats

  • This quiz has been taken 81 times
    (29 since last reset)
  • The average score is 13 of 19

Answer Stats

DatesDescriptionAnswer% Correct
1809-1882"Father of Evoltuion"Charles Darwin
96%
1809-1865Civil War PresidentAbraham Lincoln
91%
1818-1883Father of CommunismKarl Marx
91%
1853-1890"Starry Night" painterVincent van Gogh
87%
1840-1893"The Nutcracker" composerPyotr Tchaikovsky
78%
1812-1870"Oliver Twist" authorCharles Dickens
74%
1832-1898"Alice in Wonderland" authorLewis Carroll
74%
1822-1895Made milk durableLouis Pasteur
74%
1815-1898Germany's "Iron Chancellor"Otto von Bismarck
74%
1802-1870"The Three Musketeers" authorAlexandre Dumas
70%
1805-1875"The Little Mermaid" authorHans Christian Andersen
70%
1802-1885"Les Miserables" authorVictor Hugo
70%
1804-1881Jewish British PMBenjamin Disraeli
65%
1818-1848"Wuthering Heights" authorEmily Brontë
65%
1813-1883"Ride of the Valkyries" composerRichard Wagner
65%
1833-1896Dynamite inventorAlfred Nobel
61%
1847-1882Outlaw killed by Robert FordJesse James
48%
1817-1862Civil disobedient who lived at Walden pondHenry David Thoreau
39%
1820-1878First modern King of ItalyVictor Emmanuel II
39%

Score Distribution

Percentile by Number Answered

Percent of People with Each Score

Your Score History

You have not taken this quiz since the last reset